Movies Quiz

Random Movies or Country Quiz

Countries by Movie Scene Quiz Stats

Quiz Updated Mar 22, 2013

Also try: Movies by Scene
Challenge
Share
Tweet
Score 0/20 Timer 07:00
4 Plays Today
% Correct
UK (28 Days Later)
95.3%
Russia (Dr. Zhivago)
84.5%
Mexico (Traffic)
78.7%
Japan (Lost in Translation)
77.5%
Spain (Vicky Cristina Barcelona)
73.1%
South Africa (District 9)
70.6%
Sweden (Girl w/ the Dragon Tattoo)
67.7%
Morocco (Casablanca)
66.3%
Italy (Romeo & Juliet)
65%
Austria (Amadeus)
61.5%
% Correct
Belgium (In Bruges)
54.6%
Cuba (A Few Good Men)
48.7%
Colombia (Romancing the Stone)
45.9%
Venezuela (Up)
43.2%
New Zealand (The Piano)
37.5%
Nepal (Raiders of the Lost Ark)
36.2%
Bolivia (Butch Cassidy...)
35.5%
Saudi Arabia (The Kingdom)
27.5%
Sierra Leone (Blood Diamond)
26.2%
Guatemala (Predator)
18.1%

You're not logged in!

Compare scores with friends on all Sporcle quizzes.
Sign Up with Email
OR
Log In

You Might Also Like...

Show Comments

Extras

Top Quizzes Today


Score Distribution

Your Account Isn't Verified!

In order to create a playlist on Sporcle, you need to verify the email address you used during registration. Go to your Sporcle Settings to finish the process.